| 000 | 01055nam a2200301 4500 | ||
|---|---|---|---|
| 001 | 12425 | ||
| 003 | ES-MaACL | ||
| 005 | 20250827024930.0 | ||
| 007 | t| | ||
| 008 | 000000s1978 sp ||||0| spa j | ||
| 016 | 7 | _z05527933 | |
| 020 | _a84-7351-142-5 | ||
| 040 |
_aIBH _bspa _cM-BN-DP |
||
| 080 | _a35(46)(02) | ||
| 100 | 1 |
_aOrlando, Vittorio Emanuelle. _987283 |
|
| 245 | 1 | 0 |
_aPrincipios de derecho administrativo / _cV.E. Orlando... ; traducción [del italiano] Alvaro Rodríguez Bereijo. |
| 260 |
_aMadrid : _bInstituto Nacional de Administración Pública, _c1978. |
||
| 300 |
_aXXI, 298 p ; _c21 cm. |
||
| 490 | 1 |
_aClásicos de la Administración. Serie A ; _v5 |
|
| 500 | _aIndice. | ||
| 650 | 0 | 7 |
_aDerecho administrativo _2embne _911642 |
| 700 | 1 |
_aRodríguez Bereijo, Alvaro. _998379 |
|
| 710 | 2 |
_aInstituto Nacional de Administración Pública (España) _95139 |
|
| 830 | 0 | 0 |
_aClásicos de la Administración _v5 _9187056 |
| 852 |
_aES-MaACL _jL-19743 _bR.123645 |
||
| 999 |
_c12425 _d12425 |
||